Jugoszláv Közgazdasági Értesítő. - 1.évf. (1926) 6.sz.
Elmentve itt :
| Dokumentumtípus: | Folyóirat |
|---|---|
| Megjelent: |
1926
|
| Sorozat: | Jugoszláv Közgazdasági Értesítő
1 No. 6 |
| Online Access: | http://misc.bibl.u-szeged.hu/49008 |
| LEADER | 00500nas a2200133 i 4500 | ||
|---|---|---|---|
| 001 | misc49008 | ||
| 005 | 20200414124915.0 | ||
| 008 | 200414s1926 hu o 0|| zxx d | ||
| 040 | |a SZTE Miscellanea Repozitórium |b hun | ||
| 041 | |a zxx | ||
| 245 | 0 | 0 | |a Jugoszláv Közgazdasági Értesítő. - 1.évf. (1926) 6.sz. |h [elektronikus dokumentum] |
| 260 | |c 1926 | ||
| 490 | 0 | |a Jugoszláv Közgazdasági Értesítő |v 1 No. 6 | |
| 856 | 4 | 0 | |u http://misc.bibl.u-szeged.hu/49008/1/jug_kozgazd_ertesito_1926_006.pdf |z Dokumentum-elérés |